Investigaciones en proceso : ITESO 1982-1983 /

保存先:
書誌詳細
第一著者: Padilla, Cristina (autor)
フォーマット: 図書
言語:スペイン語
シリーズ:(Huella: Cuadernos de Divulgación Académica ; 4)
主題:
タグ: タグ追加
タグなし, このレコードへの初めてのタグを付けませんか!

MARC

LEADER 00000nam^a2200000^u^4500
001 000525785
005 20250521000000.0
008 130410s10001000^^^^cr^^r^^^^^000^0^spa^d
009 20260310130654.146
020 |a 968-511-004-2 
035 |a FCE 000070030 
037 |a Acervo ITESO - Biblioteca 
041 |a spa 
082 |a 378.07  |b PADi 
100 |a Padilla, Cristina  |e (autor) 
240 1 1 |a [Huella: Cuadernos de Divulgación Académica] 
245 1 0 |a Investigaciones en proceso :  |b ITESO 1982-1983 / 
264 |a México:  |b ITESO,  |c 1983. 
300 |a 47 p. 
300 |a 1 folleto 
336 |a texto  |b txt  |2 rdacontenido 
337 |a sin mediación  |b n  |2 rdamedio 
338 |a volumen  |b nc  |2 rdasoporte 
440 1 |a (Huella: Cuadernos de Divulgación Académica ;  |v 4) 
649 |a XX 
650 |a Educación superior 
650 |a Investigación 
910 |a Fondo Centro de Estudios Educativos 
920 |a Impresos - Libros 
930 |a Fondos Especiales 
905 |a 133 
901 |a ALE073817  |b IT2  |c CEE  |u 20250521 
902 |a https://opac.biblio.iteso.mx/vufind/Record/000525785